000 00719nam a2200229 i 4500
001 15108
003 ES-MaACL
005 20250930063034.0
007 t|
008 991222s1998 sp ||||1| spa d
020 _a84-8191-213-1
080 _a821.112.2-4"19"
100 1 _aSloterdijk, Peter,
_d1947-
_9159830
245 1 0 _aExtrañamiento del mundo /
_cPeter Sloterdijk ; traducción y prólogo de Eduardo Gil Bera.
260 _aValencia :
_bPre-Textos,
_c[1998]
300 _a365 p. ;
_c19 cm.
490 1 _aPre-textos. Ensayo ;
_v366
700 1 _aGil Bera, Eduardo.
_956771
830 0 _aPre-textos. Ensayo ;
_v366
_9179721
852 _aES-MaACL
_jL-22282
_bR.127672
999 _c15108
_d15108